| 000 | 00380nam a2200121Ia 4500 | ||
|---|---|---|---|
| 008 | 220216s9999 xx 000 0 und d | ||
| 100 | _aNair D B | ||
| 245 | 0 | _aIdentification of certain ecophysiological traits related to drought tolerance in two Mediterranean species | |
| 260 | _bISPP 2008, IARI, New Delhi, p. 67. | ||
| 700 | _aJacob J | ||
| 700 | _aValladares F | ||
| 942 | _cBS | ||
| 999 |
_c53105 _d53105 |
||